000 00549nam a2200181Ia 4500
008 100920s9999 xx 000 0 und d
082 _b94020
_a910 न 05
100 _aतांबे उषा.
245 _aकहाणी कोयनेची.
260 _bराजहंस पुणे.
_c2005
300 _a115
_bसाधी
365 _b75
520 _aभू.प्र.
630 _aकहाणी कोयनेची.
650 _aभू.प्र.
730 _aकहाणी कोयनेची.
942 _cBOOK
999 _c734463
_d734460